LIBRARY & INFORMATION CENTRE, KCAET, TAVANUR

ONLINE PUBLIC ACCESS CATALOGUE (OPAC)

Theory and problems of linear algebra SI(metric) edition / (Record no. 10125)

MARC details
000 -LEADER
fixed length control field 00598cam a2200205ua 4500
020 ## - INTERNATIONAL STANDARD BOOK NUMBER
ISBN 0-07-99012-3
041 ## - LANGUAGE CODE
Language code of text/sound track or separate title eng
082 ## - DEWEY DECIMAL CLASSIFICATION NUMBER
Classification number 512.5
Item number LIP/TH
100 ## - MAIN ENTRY--AUTHOR NAME
Personal name Lipschutz, Seymour.
245 ## - TITLE STATEMENT
Title Theory and problems of linear algebra SI(metric) edition /
250 ## - EDITION STATEMENT
Edition statement 1 /
260 ## - PUBLICATION, DISTRIBUTION, ETC. (IMPRINT)
Place of publication Singapore :
Name of publisher McGraw-Hill International Book Company ,
Year of publication 1981.
300 ## - PHYSICAL DESCRIPTION
Number of Pages 334 ; .
490 0# - SERIES STATEMENT
Series statement Schaum`s outline series,
Volume number/sequential designation
942 ## - ADDED ENTRY ELEMENTS (KOHA)
Koha item type Books
Holdings
Withdrawn status Lost status Damaged status Home library Current library Date acquired Full call number Accession Number Koha item type
      KAUAET KAUAET 02/09/1986 512.5 15657 Books
      KAUAET KAUAET 07/04/2012 512.5 16858 Books
free website counter